Увод в теорията на множествата и топологията (Запис номер 59256)
[ съкратено ]
| 000 -Лидер | |
|---|---|
| Контролно поле с фиксирана дължина | 01660nam a2200337 c 4500 |
| 003 - Код на организацията, давaща контролен номер | |
| Контролно поле | BLK |
| 005 - Дата и час на последна редакция | |
| Контролно поле | 20180420222836.0 |
| 008 - Елементи от данни с фиксирана дължина | |
| fixed length control field | 180408b bul|||||r ||||||| ||bul|| |
| 010 ## - Наследен системен номер | |
| LC control number | KNG00063343000 |
| 040 ## - Източник на каталожния запис | |
| Идентификатор на билиотеката - собственик на записа | BLK |
| 041 ## - Код за език | |
| Код за езика на текст/звукозапис или на отделно заглавие | Български |
| Код за езика КДБФ | Български |
| 080 ## - УДК | |
| Текстов определител УДК | Основи на математиката - Теория на множествата, формализъм и интуиционизъм(мат. аспекти), конструктивен подход, конструктивна математика, логически позитивизъм, логическа семантика и др. Вж и 5 |
| УДК код - определител по УДК | 510.2 |
| УДК определител | |
| УДК - код + определител | 510.2 |
| 080 ## - УДК | |
| Текстов определител УДК | Топология - Обща алгебрична топология, топологични пространства, аналитични пространства и др. |
| УДК код - определител по УДК | 515.1 |
| УДК определител | |
| УДК - код + определител | 515.1 |
| 100 1# - Редна дума - Автор | |
| Автор | Куратовски, Кажимеж |
| Авторска отговорност | първи автор |
| R(LIN) | 85784 |
| 139 ## - Редно поле | |
| Редна дума | Куратовски, Кажимеж |
| Авторски знак | Куп - К 94 |
| 245 10 - Сведения за заглавието | |
| Заглавие | Увод в теорията на множествата и топологията |
| Подзаглавни данни | Моногр. |
| Редно поле (дума) | Кажимеж Куратовски; прев. от англ. Стоян Недев. |
| 257 ## - Страна на издаване | |
| Страна на създаване/издаване | България |
| 260 ## - Област на издателските данни | |
| -- | София |
| Име на издателя, разпространителя и проч. | Наука и изкуство |
| Година на издаване | 1979 |
| 300 ## - Физическа характеристика | |
| Страници | 328 с. |
| Размери/Мащаб | 22 см |
| 380 ## - Жанр | |
| Жанр | Естествени науки. Математика |
| 650 #4 - Допълнително описание по предмет – тема | |
| Основно описание – тема или топоним | Множества (мат.) |
| 9 (RLIN) | 162550 |
| 650 #4 - Допълнително описание по предмет – тема | |
| Основно описание – тема или топоним | Топология |
| 9 (RLIN) | 173800 |
| 653 ## - Ключова дума – ненормативна | |
| Ключова дума | множества |
| 653 ## - Ключова дума – ненормативна | |
| Ключова дума | топология |
| 700 1# - Други автори (авторска отговорност) | |
| Лично име | Недев, Стоян |
| Автороска отговорност (Описва отношението между автора и произведението) | прев. от англ. |
| 9 (RLIN) | 288834 |
| 852 ## - Местоположение | |
| Форматна сигнатура | Цб 97779 |
| 856 4# - Електронен адрес и достъп | |
| Електронен формат | pdf - файл |
| Път до файла /url/ | |
| 856 4# - Електронен адрес и достъп | |
| Електронен формат | pdf - файл |
| Път до файла /url/ | |
| 942 ## - АРТИКУЛИ | |
| Вид на библиотечния материал | Книги |
| Скрит в OPAC | Не |
| 944 ## - СЪЗДАВАНЕ И РЕДАКЦИЯ на ЗАПИСА | |
| Създаване/Редакция | Създаване |
| Дата на регистрацията/редакция | 13.06.2004 |
| Служител, извършил регистрацията/редакцията | Читалня |
| 944 ## - СЪЗДАВАНЕ И РЕДАКЦИЯ на ЗАПИСА | |
| Създаване/Редакция | Редакция |
| Дата на регистрацията/редакция | 24.08.2015 |
| Служител, извършил регистрацията/редакцията | |
| 999 ## - СИСТЕМНИ КОНТРОЛНИ НОМЕРА | |
| Koha biblionumber | 59256 |
| Koha biblioitemnumber | 59256 |
| Код за отписване | Код за изгубен артикул | Източник на класификационната схема | Код за повреда | Коз за рестрикции | Код за отдаване | Артикулен № | Име на библиотеката - собственик | Име на библиотеката, в която се намира в момента | Статус (Текущо местоположение) | Дата на вписване в системата | Местоположение - отдел | Цена в лева | Инвентарен номер | Систематично азбучна сигнатура | Баркод | Номер на екземпляра | Цена в евро | Служебна бележка | Служебен тип на артикула |
|---|---|---|---|---|---|---|---|---|---|---|---|---|---|---|---|---|---|---|---|
| Изтеглен | Не е изгубен | Universal Decimal Classification | Не е повреден | без рестрикции | ползва се в читалня | 96593 | Регионална библиотека "Любен Каравелов" Русе | Регионална библиотека "Любен Каравелов" Русе | Читалня | 1993-01-01 | Читалня | 2.10 | 282416 | Ч 51/К 94 | 282416 | 1 | 1.07 | Дата инв: 15.03.2017 Бележки инв: Ч2017 | Книги |
| Изтеглен | Не е изгубен | Universal Decimal Classification | Не е повреден | без рестрикции | заемане за дома | 96594 | Регионална библиотека "Любен Каравелов" Русе | Регионална библиотека "Любен Каравелов" Русе | Заемна - подръчен фонд | 1979-01-01 | Заемна - подръчен фонд | 2.10 | 282414 | П 510/К 94 | 282414 | 2 | 1.07 | N: стар фонд Дата: 01.01.1979 | Книги |
| Не е изгубен | Universal Decimal Classification | Не е повреден | само за читалня | ползва се в читалня | 96595 | Регионална библиотека "Любен Каравелов" Русе | Регионална библиотека "Любен Каравелов" Русе | Хранилище | 1979-01-01 | Хранилище | 2.10 | 280670 | Цб 97779 | 120000280670 | 3 | 1.07 | Дост: Dp Вид: Д N: стар фонд Дата: 01.01.1979 | Книги |